000
00321nam a22001337a 4500
020
_a
9788189729295
020
_a
9788189729292
082
_a
630.3
_b
SHA/AG
245
_a
Agricultural marketing management
260
_a
New Delhi
_b
Gene-Tech Books
_c
2012
300
_a
262
700
_a
Sharma, Premjith
_9
377
942
_c
BK
999
_c
13692
_d
13692